00925nam a22002177a 450000100060000000300080000600500170001400800410003103500190007204000350009104100080012608200310013410000240016524501480018926000810033730000420041850200870046050400380054765000840058570000380066981295BD-RjUL20230319153014.0230319s2019 bg a|||| m||| 00| 0 eng d a(BD-RjUL)81295 aBD-RjULbengcBD-RjULdBD-RjUL aeng 223a662.88095492bYEB 2019 aYesmin, Mst. Nilufa10aBiofuel (Ethanol) production from some selected agriculture products of Bangladesh /cBy Mst. Nilufa Yesmin ;6Supervisor : Md. Abul Kalam Azad aRajshahi :bInstitute of Environmental Science,University of Rajshahi,c2019 axviii, [177] leaves :bill, ;c29.cm. aThesis (Ph. D.) -- Institute of Environmental Science,University of Rajshahi, 2019 aReferences : Leaves [152] - [155] aBiomass as fuelvTechnology of explosives, fuels, related productszBangladesh  aAzad, Md. Abul Kalam, Supervisor